000 00367nam a2200169Ia 4500
003 0100
008 130303s9999 xx 000 0 und d
040 _cARRUPELIB
050 _aPR9387.9.E4S4 1975
100 _aEmecheta, Buchi
245 _aSecond Class Citizen
260 _aNY
260 _bGeorge Braziller
260 _C1975
300 _a174p
942 0 0 _01
999 _c29832
_d29832